00820nam a2200205 i 450000100060000000300090000600500170001500700030003200800410003510000270007624501740010326000300027730000300030770000310033770000330036870000420040185200320044399900170047595201220049228032ES-MaACL20230906153741.0t|030116s1969 sp ||||1| spa d1 aBandet, Jeanne.92517913aLa educación física de los niños de 3 a 7 años / cJeanne Bandet, M. Abbadie ; versión... por A. Botella Carbonell ; revidada por Luis María Albors Llardent. aAlcoy : bMarfil, c1969. a204 p. : bil. ; c21 cm.1 aAbbadie, Madeleine,9179961 aBotella Carbonell, A.9307541 aAlbors Llardent, Luis María.919417 aES-MaACLjC-46973 bR.72330 c28032d28032 00104070aATENEOMbATENEOMcDEPO2d2008-01-17eSCl0oC-46973p1028942r2023-02-23 00:00:00w2023-02-23yMONOGRAFIA